Statistiche per Riconosci il film - n°1

Clicka qui per fare il quiz!

Statistiche generali

  • Questo quiz è stato fatto 43 volte
  • Il punteggio medio è 14 su 20

Statistiche sulle risposte

RegistaAnnoCastFilm% Corretto
Tim Burton1990Johnny Depp, Winona Ryder, Dianne Wiest, Alan Arkin, Anthony Michael HallEdward mani di forbice
90%
Randal Kleiser1978John Travolta, Olivia Newton-John, Stockard Channing, Jeff ConawayGrease (Brillantina)
87%
Damien Chazelle2016Ryan Gosling, Emma Stone, John Legend, J. K. SimmonsLa La Land
87%
Andy e Larry Wachowski1999Keanu Reeves, Laurence Fishburne, Carrie-Anne Moss, Hugo WeavingMatrix
87%
Christopher Nolan2008Christian Bale, Heath Ledger, Michael Caine, Gary OldmanIl cavaliere oscuro
85%
Garry Marshall1990Richard Gere, Julia Roberts, Ralph Bellamy, Jason Alexander,Pretty Woman
85%
Denis Villeneuve2021Timothée Chalamet, Zendaya, Rebecca Ferguson, Jason Momoa,Dune
82%
Quentin Tarantino2009Brad Pitt, Christoph Waltz, Michael Fassbender, Diane KrugerBastardi senza gloria
77%
Christopher Nolan2014Matthew McConaughey, Anne Hathaway, Jessica Chastain, Matt Damon, Michael CaineInterstellar
74%
Robert Zemeckis1985Michael J. Fox, Christopher Lloyd, Lea Thompson, Crispin GloverRitorno al futuro
74%
Bradley Cooper2018Bradley Cooper, Lady Gaga, Andrew Dice Clay, Dave ChapelleA Star is Born
72%
Steven Spielberg2002Leonardo DiCaprio, Tom Hanks, Christopher Walken, Martin SheenProva a prendermi
72%
Gus Van Sant1997Matt Damon, Robin Williams, Ben Affleck, Minnie DriverWill Hunting - Genio ribelle
72%
Brian De Palma1983Al Pacino, Steven Bauer, Michelle Pfeiffer, Robert LoggiaScarface
67%
Peter Jackson2001Elijah Wood, Ian McKellen, Viggo Mortensen, Liv TylerIl signore degli anelli - La compagnia dell'anello
56%
Wolfgang Petersen2004Brad Pitt, Eric Bana, Orlando Bloom, Diane Kruger, Peter O'Toole, Sean BeanTroy
56%
John Landis1988Eddie Murphy, Arsenio Hall, Shari Headley, Samuel L. JacksonIl principe cerca moglie
46%
David Dobkin2005Owen Wilson, Vince Vaughn, Rachel McAdams, Isla Fisher, Bradley CooperDue single a nozze
38%
Gary Ross2018Sandra Bullock, Cate Blanchett, Rihanna, Anne Hathaway, Sarah PaulsonOcean's 8
38%
Clint Eastwood2009Morgan Freeman, Matt Damon, Adjoa Andoh, Scott EastwoodInvictus - L'invincibile
31%

Distribuzione punteggi

Percentile per numero di risposta

Percentuale di utenti per punteggio

I tuoi punteggi nel tempo

Non hai fatto questo quiz